Detalles MARC
| 000 -LEADER |
| campo de control de longitud fija |
01910cam a2200445 4500 |
| 003 - IDENTIFICADOR DE NÚMERO DE CONTROL |
| campo de control |
PE-LiUPU |
| 005 - FECHA Y HORA DE LA ÚLTIMA TRANSACCIÓN |
| campo de control |
20250731183429.0 |
| 008 - DATOS DE LONGITUD FIJA--INFORMACIÓN GENERAL |
| campo de control de longitud fija |
221031b |||||||| |||| 00| 0 eng d |
| 020 ## - NÚMERO INTERNACIONAL ESTÁNDAR DEL LIBRO |
| Número Internacional Estándar del Libro |
ISSN: 01206702 |
| 035 ## - NÚMERO DE CONTROL DEL SISTEMA |
| Número de control de sistema |
(Sirsi) i01206702 |
| 035 ## - NÚMERO DE CONTROL DEL SISTEMA |
| Número de control de sistema |
(Sirsi) 46245 |
| 035 ## - NÚMERO DE CONTROL DEL SISTEMA |
| Número de control de sistema |
(Sirsi) 46245 |
| 040 ## - FUENTE DE CATALOGACIÓN |
| Centro/agencia transcriptor |
PE-LiUPU |
| 041 ## - CÓDIGO DE IDIOMA |
| Código de lengua del texto/banda sonora o título independiente |
es |
| 044 ## - CÓDIGO DEL PAÍS DE LA ENTIDAD EDITORA/PRODUCTORA |
| Código MARC del país |
co |
| 082 04 - NÚMERO DE LA CLASIFICACIÓN DECIMAL DEWEY |
| Número de clasificación |
720.986105 |
| Cutter |
E78 19 |
| 245 ## - MENCIÓN DEL TÍTULO |
| Título |
Ciudades dentro de la ciudad / |
| Mención de responsabilidad, etc. |
Sociedad Bolivariana de Arquitectos |
| Número de parte o sección de la obra |
19. |
| 264 #1 - PRODUCCIÓN, PUBLICACIÓN, DISTRIBUCIÓN, FABRICACIÓN Y COPYRIGHT |
| Producción, publicación, distribución, fabricación y copyright |
Bogotá : |
| Nombre del de productor, editor, distribuidor, fabricante |
Sociedad Bolivariana de Arquitectos, |
| Fecha de producción, publicación, distribución, fabricación o copyright |
[1991] |
| 300 ## - DESCRIPCIÓN FÍSICA |
| Extensión |
pag. varia : |
| Otras características físicas |
ilustraciones ; |
| Dimensiones |
34 cm. |
| 490 0# - MENCIÓN DE SERIE |
| Mención de serie |
Paquetes temáticos |
| Designación de volumen o secuencia |
19 |
| 500 ## - NOTA GENERAL |
| Nota general |
ISSN: 0120-6702 La Revista Escala publica monografías títuladas como : "Paquetes temáticos" cubre temas especificos, recopilados de los artículos publicados en la misma revista |
| 504 ## - NOTA DE BIBLIOGRAFÍA, ETC. |
| Nota de bibliografía, etc. |
Incluye bibliografía |
| 505 0# - NOTA DE CONTENIDO CON FORMATO |
| Nota de contenido con formato |
Nueva Santafe -- Ciudad Salitre -- Ciudad Tunal II -- Ciudadela Colsubsidio -- Parque central Bavaria -- Ciudad Bolivar -- Ciudades de la ciudad -- Ciudad en la ciudad -- La ciudad, los asentamientos populares y la arquitectura -- Recursos y sis |
| 526 ## - NOTA DE INFORMACIÓN SOBRE EL PROGRAMA DE ESTUDIO |
| Nombre del programa |
Maestría Bim Facility Management (A distancia) |
| 526 ## - NOTA DE INFORMACIÓN SOBRE EL PROGRAMA DE ESTUDIO |
| Nombre del programa |
|
| 526 ## - NOTA DE INFORMACIÓN SOBRE EL PROGRAMA DE ESTUDIO |
| Nombre del programa |
Educación musical y artes |
| 526 ## - NOTA DE INFORMACIÓN SOBRE EL PROGRAMA DE ESTUDIO |
| Nombre del programa |
Educación, especialidad educación física |
| 526 ## - NOTA DE INFORMACIÓN SOBRE EL PROGRAMA DE ESTUDIO |
| Nombre del programa |
Arquitectura |
| 650 14 - PUNTO DE ACCESO ADICIONAL DE MATERIA--TÉRMINO DE MATERIA |
| Término de materia o nombre geográfico como elemento de entrada |
Arquitectura colombiana |
| Subdivisión de forma |
Publicaciones seriadas |
| 650 14 - PUNTO DE ACCESO ADICIONAL DE MATERIA--TÉRMINO DE MATERIA |
| Término de materia o nombre geográfico como elemento de entrada |
Arquitectura |
| Subdivisión general |
Diseños y planos |
| Subdivisión de forma |
Publicaciones seriadas |
| 650 14 - PUNTO DE ACCESO ADICIONAL DE MATERIA--TÉRMINO DE MATERIA |
| Término de materia o nombre geográfico como elemento de entrada |
Arte colombiano |
| Subdivisión general |
Siglo XX |
| Subdivisión de forma |
Publicaciones seriadas |
| 650 14 - PUNTO DE ACCESO ADICIONAL DE MATERIA--TÉRMINO DE MATERIA |
| Término de materia o nombre geográfico como elemento de entrada |
Ingeniería |
| Subdivisión geográfica |
Colombia |
| Subdivisión de forma |
Publicaciones seriadas |
| 773 ## - ASIENTO DE ITEM FUENTE |
| Encabezamiento principal |
Escala |
| Edición |
revista mensual de arquitectura, arte, ingeniería, ciencia y tecnología |
| Parte(s) relacionada(s) |
19 |
| 910 ## - DATOS DE OPCIÓN DEL USUARIO (OCLC) |
| Datos de opción del usuario |
gl |
| 942 ## - ELEMENTOS DE ENTRADA SECUNDARIOS (KOHA) |
| Fuente del sistema de clasificación o colocación |
Clasificación Decimal Dewey |
| Tipo de ítem Koha |
|
| 949 ## - PROCESAMIENTO DE INFORMACIÓN LOCAL (OCLC) |
| a |
720.986105 E78 19 |
| i |
63800 |
| l |
CCODEBUL1 |
| m |
BUL |
| t |
LIBRO |
| o |
.STAFF. Colección General |
| 980 ## - EQUIVALENCIA O REFERENCIA-CRUZADA-MENCIÓN DE SERIE--NOMBRE DE PERSONA/TÍTULO [LOCAL, CANADÁ] |
| ID del último usuario que modificó el registro |
1 |
| Nombre del último usuario que modificó el registro |
ALBERTO SANCHEZ Responsable de Automatización |